| 000 | 01183nam a2200313 c 4500 | ||
|---|---|---|---|
| 003 | BLK | ||
| 005 | 20180420220122.0 | ||
| 008 | 180413b bul|||||r ||||||| ||bul|| | ||
| 010 | _aKNG00029506000 | ||
| 020 |
_a954-657-282-9 _bиздат.: Пан |
||
| 040 | _aBLK | ||
| 041 |
_aBUL _cBUL |
||
| 080 |
_aНемска литература _b821.112.2 _x-93-31 _z821.112.2-93-31 |
||
| 100 | 1 |
_aЕнде, Михаел _eпърви автор _9267386 |
|
| 700 | 1 |
_aУзунова, Дарина _eпрев. от нем. _9269019 |
|
| 139 |
_aЕнде, Михаел _bЕ 63 |
||
| 245 | 1 | 0 |
_aДжим Копчето _bРоман _cМихаел Енде; прев. от нем. Дарина Узунова. |
| 257 | _aDEU | ||
| 260 |
_аСофия _bПан _c2000 _fСофия : Балкан прес |
||
| 300 |
_a304 с. _c20 см |
||
| 380 | _aX | ||
| 490 | 1 |
_aВечните детски романи _v69 |
|
| 500 | _aОриг. загл. Jim Knopf and Lukas / Michael Ende. - Съдържа и За книгата и автора. | ||
| 852 | _aЦб 202708 | ||
| 856 | 4 |
_qpdf _u |
|
| 856 | 4 |
_qpdf _u |
|
| 942 |
_cKNG _n0 |
||
| 944 |
_aCR _c15.01.2003 _kГеновева_Генчева |
||
| 944 |
_aED _c17.10.2012 _k |
||
| 999 |
_c26945 _d26945 |
||